Egy és negyedmillió városrendezésre a szépülő Szeged
Elmentve itt :
| Dokumentumtípus: | Cikk |
|---|---|
| Megjelent: |
1911-12-03
|
| Sorozat: | Délmagyarország
2 No. 278 |
| Kulcsszavak: | Lázár György, Bokor Pál, Doránszky Károly, Városrendezés Szeged, Közigazgatás Szeged |
| Online Access: | http://dmarchiv.bibl.u-szeged.hu/42225 |
| LEADER | 00512nab a2200145 i 4500 | ||
|---|---|---|---|
| 001 | delm42225 | ||
| 005 | 20180927130129.0 | ||
| 008 | 180927s1911 hu o 0|| hun d | ||
| 040 | |a SZTE Délmagyarország Archívum |b hun | ||
| 041 | |a hun | ||
| 245 | 0 | 0 | |a Egy és negyedmillió városrendezésre |h [elektronikus dokumentum] : |b a szépülő Szeged |
| 260 | |c 1911-12-03 | ||
| 300 | |a 3 | ||
| 490 | 0 | |a Délmagyarország |v 2 No. 278 | |
| 695 | |a Lázár György, Bokor Pál, Doránszky Károly, Városrendezés Szeged, Közigazgatás Szeged | ||